000 00445nam a22001337a 4500
005 20260313120641.0
008 260313b |||||||| |||| 00| 0 eng d
020 _a9780801479601
050 _aHV91
_b.E38 EHR
100 _aEhrenreich John H.
245 _aThe Altruistic Imagination:
_bA history of social work and Social Policy in the United States/
_cJohn H. Ehrenreich
260 _aNew York
_bCornell University Press
_c1985
942 _2lcc
_cBK
_n0
999 _c9016
_d9016